Rodná čísla zmizí. Lze je efektivně nahradit?

Jedným z najväčších projektov českého eGovernmentu súčasnosti je ukončenie uvádzania rodných čísel v občianskych preukazoch. Tento krok kladie vysoké nároky na všetky subjekty využívajúce tento údaj na identifikáciu fyzických osôb, poisťovne nevynímajúc.

Salvato in:
Dettagli Bibliografici
Autore principale: Donát, Josef
Altri autori: Tomíšek, Jan, Beneš, Filip
Natura: Capitolo di libro
Lingua:ceco
Soggetti:
Tags: Aggiungi Tag
Nessun Tag, puoi essere il primo ad aggiungerne!!

MARC

LEADER 00000naa a2200000 4500
001 0298241
005 20240417075259.5
041 0 |a cze 
044 |a CZ 
245 1 0 |a Rodná čísla zmizí. Lze je efektivně nahradit?  |c Josef Donát, Jan Tomíšek, Filip Beneš 
520 |a Jedným z najväčších projektov českého eGovernmentu súčasnosti je ukončenie uvádzania rodných čísel v občianskych preukazoch. Tento krok kladie vysoké nároky na všetky subjekty využívajúce tento údaj na identifikáciu fyzických osôb, poisťovne nevynímajúc. 
610 2 0 |a správa verejná elektronická 
610 2 0 |a ochrana informácií 
610 2 0 |a ochrana dát 
610 2 0 |a ochrana údajov osobných 
610 2 0 |a osoby fyzické 
610 2 0 |a osoby právnické 
610 2 0 |a poisťovne 
610 2 0 |a poisťovníctvo 
100 1 |a Donát, Josef 
700 1 |a Tomíšek, Jan 
700 1 |a Beneš, Filip